000 01278nam a2200361Ii 4500
001 DIGCERVAN0231
003 NyNyDIG
006 m o d
007 cr |||||||||||
008 250103s2023 ec o 000 0 spa d
035 _a(OCoLC)1491107044
040 _aDGITA
_beng
_erda
_epn
_cDGITA
020 _a9781312178892
_qeBook
050 1 4 _aPQ6323 ebook
100 1 _aCervantes Saavedra, Miguel de,
_d1547-1616,
_eauthor.
245 1 0 _aSegunda parte El Ingenioso Caballero Don Quijote de la Mancha /
_cMiguel de Cervantes Saavedra.
246 3 0 _aIngenioso Caballero Don Quijote de la Mancha
264 1 _a[Quito, Ecuador] :
_bCervantes Digital,
_c[2023]
300 _a1 online resource.
336 _atext
_btxt
_2rdacontent
337 _acomputer
_bc
_2rdamedia
338 _aonline resource
_bcr
_2rdacarrier
347 _atext file
_2rdaft
347 _bEPUB
347 _bEPDF
588 0 _aOnline resource; title from ePub title page (Digitalia, viewed January 3, 2025)
655 7 _aFiction.
_2lcgft
791 2 _aDigitalia (Firm),
_edistributor.
793 0 _gDigitalia eBook Collection:
_aCervantes Digital
856 4 0 _3Digitalia Hispánica
_uhttps://www.digitaliapublishing.com/a/129710/
910 _aPremium collection: 2025
942 _cRAA
999 _c280514
_d280514